<?xml version="1.0" encoding="UTF-8"?>
<record
    xmlns:xsi="http://www.w3.org/2001/XMLSchema-instance"
    xsi:schemaLocation="http://www.loc.gov/MARC21/slim http://www.loc.gov/standards/marcxml/schema/MARC21slim.xsd"
    xmlns="http://www.loc.gov/MARC21/slim">

  <leader>00971nam a22001337a 4500</leader>
  <controlfield tag="008">220802b        |||||||| |||| 00| 0 eng d</controlfield>
  <datafield tag="020" ind1=" " ind2=" ">
    <subfield code="a">9789993617136</subfield>
  </datafield>
  <datafield tag="082" ind1=" " ind2=" ">
    <subfield code="a">920 CHO</subfield>
  </datafield>
  <datafield tag="100" ind1=" " ind2=" ">
    <subfield code="a">Chogyal, Gelong Tenzin</subfield>
  </datafield>
  <datafield tag="245" ind1=" " ind2=" ">
    <subfield code="a">&#xF51;&#xF42;&#xF7A;&#xF0B;&#xF66;&#xFB3;&#xF7C;&#xF44;&#xF0B;&#xF56;&#xF66;&#xF9F;&#xF53;&#xF0B;&#xF60;&#xF5B;&#xF72;&#xF53;&#xF0B;&#xF46;&#xF7C;&#xF66;&#xF0B;&#xF62;&#xF92;&#xFB1;&#xF63;&#xF0B;&#xF42;&#xFB1;&#xF72;&#xF66;&#xF0B;&#xF58;&#xF5B;&#xF51;&#xF0B;&#xF54;&#xF60;&#xF72;&#xF0B;&#xF62;&#xF92;&#xFB1;&#xF63;&#xF0B;&#xF42;&#xFB1;&#xF72;&#xF66;&#xF0B;&#xF58;&#xF5B;&#xF51;&#xF0B;&#xF54;&#xF60;&#xF72;&#xF0B;&#xF62;&#xF92;&#xFB1;&#xF63;&#xF0B;&#xF40;&#xF74;&#xF53;&#xF0B;&#xF41;&#xFB1;&#xF56;&#xF0B;&#xF56;&#xF51;&#xF42;&#xF0B;&#xF60;&#xF42;&#xFB2;&#xF7C;&#xF0B;&#xF56;&#xF60;&#xF72;&#xF0B;&#xF56;&#xFB3;&#xF0B;&#xF58;&#xF0B;&#xF56;&#xF66;&#xF9F;&#xF53;&#xF0B;&#xF60;&#xF5B;&#xF72;&#xF53;&#xF0B;&#xF62;&#xF72;&#xF53;&#xF0B;&#xF54;&#xF7C;&#xF0B;&#xF46;&#xF7A;&#xF0B;&#xF63;&#xF7A;&#xF42;&#xF66;&#xF0B;&#xF54;&#xF60;&#xF72;&#xF0B;&#xF51;&#xF7C;&#xF53;&#xF0B;&#xF42;&#xFB2;&#xF74;&#xF56;&#xF0B;&#xF5E;&#xF56;&#xF66;&#xF0B;&#xF40;&#xFB1;&#xF72;&#xF0B;&#xF62;&#xFA3;&#xF58;&#xF0B;&#xF50;&#xF62;&#xF0B;&#xF54;&#xF0B;&#xF44;&#xF7C;&#xF0B;&#xF58;&#xF5A;&#xF62;&#xF0B;&#xF53;&#xF7C;&#xF62;&#xF0B;&#xF56;&#xF74;&#xF60;&#xF72;&#xF0B;&#xF66;&#xFA1;&#xF7C;&#xF44;&#xF0B;&#xF5E;&#xF7A;&#xF66;&#xF0B;&#xF56;&#xFB1;&#xF0B;&#xF56;&#xF0B;&#xF56;&#xF5E;&#xF74;&#xF42;&#xF66;&#xF0B;&#xF66;&#xF7C;&#xF0D;</subfield>
    <subfield code="b">The Marvellous Gem of Veneration</subfield>
    <subfield code="c">Biography of Tenzin Legpai Dondrub</subfield>
  </datafield>
  <datafield tag="260" ind1=" " ind2=" ">
    <subfield code="a">Thimphu :</subfield>
    <subfield code="b">National  Library and Archives of Bhutan,</subfield>
    <subfield code="c">2011.</subfield>
  </datafield>
  <datafield tag="300" ind1=" " ind2=" ">
    <subfield code="a">xlvi, 221 p.</subfield>
    <subfield code="c">22 cm.</subfield>
  </datafield>
  <datafield tag="942" ind1=" " ind2=" ">
    <subfield code="2">ddc</subfield>
  </datafield>
  <datafield tag="999" ind1=" " ind2=" ">
    <subfield code="c">9060</subfield>
    <subfield code="d">9061</subfield>
  </datafield>
  <datafield tag="952" ind1=" " ind2=" ">
    <subfield code="0">0</subfield>
    <subfield code="1">0</subfield>
    <subfield code="2">ddc</subfield>
    <subfield code="4">0</subfield>
    <subfield code="7">0</subfield>
    <subfield code="8">DZONGKHA</subfield>
    <subfield code="a">RTCLIB</subfield>
    <subfield code="b">RTCLIB</subfield>
    <subfield code="c">DZONGKHA</subfield>
    <subfield code="d">2022-08-02</subfield>
    <subfield code="h">16549</subfield>
    <subfield code="l">0</subfield>
    <subfield code="o">920 CHO</subfield>
    <subfield code="p">30015493</subfield>
    <subfield code="r">2022-08-02 00:00:00</subfield>
    <subfield code="w">2022-08-02</subfield>
    <subfield code="y">DZONGKHA</subfield>
  </datafield>
  <datafield tag="952" ind1=" " ind2=" ">
    <subfield code="0">0</subfield>
    <subfield code="1">0</subfield>
    <subfield code="2">ddc</subfield>
    <subfield code="4">0</subfield>
    <subfield code="7">0</subfield>
    <subfield code="8">DZONGKHA</subfield>
    <subfield code="a">RTCLIB</subfield>
    <subfield code="b">RTCLIB</subfield>
    <subfield code="c">DZONGKHA</subfield>
    <subfield code="d">2022-08-02</subfield>
    <subfield code="h">16548</subfield>
    <subfield code="o">920 CHO</subfield>
    <subfield code="p">30015562</subfield>
    <subfield code="r">2022-08-02 00:00:00</subfield>
    <subfield code="w">2022-08-02</subfield>
    <subfield code="y">DZONGKHA</subfield>
  </datafield>
</record>
